<?xml version="1.0" encoding="UTF-8"?>
<collection xmlns="http://www.loc.gov/MARC21/slim">
<record>
  <controlfield tag="001">145148</controlfield>
  <controlfield tag="005">20241003094705.0</controlfield>
  <datafield tag="024" ind1="7" ind2=" ">
    <subfield code="2">doi</subfield>
    <subfield code="a">10.34140/bjbv6n3-037</subfield>
  </datafield>
  <datafield tag="024" ind1="8" ind2=" ">
    <subfield code="2">sideral</subfield>
    <subfield code="a">139970</subfield>
  </datafield>
  <datafield tag="037" ind1=" " ind2=" ">
    <subfield code="a">ART-2024-139970</subfield>
  </datafield>
  <datafield tag="041" ind1=" " ind2=" ">
    <subfield code="a">eng</subfield>
  </datafield>
  <datafield tag="100" ind1=" " ind2=" ">
    <subfield code="a">Arner Güerre, María Asunción</subfield>
    <subfield code="u">Universidad de Zaragoza</subfield>
    <subfield code="0">(orcid)0000-0001-9054-8552</subfield>
  </datafield>
  <datafield tag="245" ind1=" " ind2=" ">
    <subfield code="a">The assignments of the VAT  and the Hydrocarbons tax in Spain</subfield>
  </datafield>
  <datafield tag="260" ind1=" " ind2=" ">
    <subfield code="c">2024</subfield>
  </datafield>
  <datafield tag="520" ind1="3" ind2=" ">
    <subfield code="a">The Financing System of the Autonomous Communities in Spain, in force since 2009, set the assignmentof the liquid collection of the 50%Income Tax, which tax rate approves each Autonomous Community; the assignment of net Value Added Tax (VAT)  collection of 50%. In addition, the Harmonized  Excise Dutiesof 58% are the main significant the Hydrocarbons Tax (HYT). The regional tariff and the transfer of  VAT  and  HYT  are  tax  resources  subject  to  settlement,  by  which  the  Autonomous  Communities  get collection through the payments on account system of the current year and the final settlement two years later. This work aims to study the collection of VAT and the HYT and the possible inefficiencies that may arise.The  methodology  estimates  a  dynamic  data  panel  from  2003-2021,  using  the  estimator  of instrumental  variables  (IV)  and  its  generalization  by  the  Generalized  Estimator  of  Moments  (GMM). According to the results, the regional tax on income rate (RTR) influenced the collection of harmonized taxes VAT and HYT. Therefore, some externalities arose regarding thecollection of those taxes.

El Sistema de Financiación de las Comunidades Autónomas en España, vigente desde 2009, establece la asignación de la recaudación líquida del 50% del IRPF, cuyo tipo impositivo aprueba cada Comunidad Autónoma; la asignación de la recaudación líquida del 50% del Impuesto sobre el Valor Añadido (IVA). Además, los Impuestos Especiales Armonizados del 58% son los principales significativos el Impuesto sobre Hidrocarburos (HYT). La tarifa autonómica y la cesión del IVA y del HYT son recursos tributarios sujetos  a  liquidación,  por  los  que  las  Comunidades  Autónomas  obtienen  la  recaudación  mediante  el sistema de pagos a cuenta del año en curso y la liquidación definitiva dos años después. Este trabajo tiene como objetivo estudiar la recaudación del IVA y del HYT y las posibles ineficiencias que puedan surgir. La metodología estima un panel dedatos dinámico desde 2003-2021, utilizando el estimador de variables instrumentales (IV) y su generalización mediante el Estimador Generalizado de Momentos (GMM). De acuerdo con los resultados, la tasa del impuesto regional sobre la renta (RTR) influyó enla recaudación de los impuestos armonizados IVA e HYT. Por lo tanto, surgieron algunas externalidades en relación con la recaudación de dichos impuestos.</subfield>
  </datafield>
  <datafield tag="506" ind1="0" ind2=" ">
    <subfield code="a">Access copy available to the general public</subfield>
    <subfield code="f">Unrestricted</subfield>
  </datafield>
  <datafield tag="540" ind1=" " ind2=" ">
    <subfield code="9">info:eu-repo/semantics/openAccess</subfield>
    <subfield code="a">by-nc-sa</subfield>
    <subfield code="u">http://creativecommons.org/licenses/by-nc-sa/3.0/es/</subfield>
  </datafield>
  <datafield tag="655" ind1=" " ind2="4">
    <subfield code="a">info:eu-repo/semantics/article</subfield>
    <subfield code="v">info:eu-repo/semantics/publishedVersion</subfield>
  </datafield>
  <datafield tag="710" ind1="2" ind2=" ">
    <subfield code="1">4014</subfield>
    <subfield code="2">225</subfield>
    <subfield code="a">Universidad de Zaragoza</subfield>
    <subfield code="b">Dpto. Economía Aplicada</subfield>
    <subfield code="c">Área Economía Aplicada</subfield>
  </datafield>
  <datafield tag="773" ind1=" " ind2=" ">
    <subfield code="g">6, 3 (2024), e73112 [20 pp.]</subfield>
    <subfield code="p">Braz. J. Bus.</subfield>
    <subfield code="t">Brazilian Journal of Business</subfield>
    <subfield code="x">2596-1934</subfield>
  </datafield>
  <datafield tag="856" ind1="4" ind2=" ">
    <subfield code="s">664038</subfield>
    <subfield code="u">http://zaguan.unizar.es/record/145148/files/texto_completo.pdf</subfield>
    <subfield code="y">Versión publicada</subfield>
  </datafield>
  <datafield tag="856" ind1="4" ind2=" ">
    <subfield code="s">2801194</subfield>
    <subfield code="u">http://zaguan.unizar.es/record/145148/files/texto_completo.jpg?subformat=icon</subfield>
    <subfield code="x">icon</subfield>
    <subfield code="y">Versión publicada</subfield>
  </datafield>
  <datafield tag="909" ind1="C" ind2="O">
    <subfield code="o">oai:zaguan.unizar.es:145148</subfield>
    <subfield code="p">articulos</subfield>
    <subfield code="p">driver</subfield>
  </datafield>
  <datafield tag="951" ind1=" " ind2=" ">
    <subfield code="a">2024-10-03-08:55:53</subfield>
  </datafield>
  <datafield tag="980" ind1=" " ind2=" ">
    <subfield code="a">ARTICLE</subfield>
  </datafield>
</record>
</collection>